000 00495nam a2200181Ia 4500
005 20250326125751.0
008 250326s9999 xx 000 0 und d
037 _aTextbook
040 _aFMSL
_beng
_cFMSL
041 _aeng
_2eng
084 _aX:8obY N7
_qFMSL
100 _aVickers G
_9737660
245 0 _aTowards is sociology of management
_cVickers G
260 _aLondon
_bLondon, C & Hall
_c1967
300 _a206p
942 _cTB
_hX:8obY N7
999 _c1279474
_d1279474